Sports Quiz

Random Sports or NFL Quiz

NFL divisions before 2002 Quiz Stats

Quiz not verified by Sporcle

Challenge
Share
Tweet
Embed
Score 0/31 Timer 06:00
0 Plays Today
Team (ALPHABETICAL ORDER) % Correct
Buffalo Bills
91.3%
Miami Dolphins
81.3%
New England Patriots
81.3%
New York Jets
80.6%
Indianapolis Colts
77%
Dallas Cowboys
76.8%
Washington Redskins
76.6%
Philadelphia Eagles
76.2%
New York Giants
76.2%
Baltimore Ravens
75.9%
Chicago Bears
75.6%
Denver Broncos
75.5%
Cincinnati Bengals
75.2%
Green Bay Packers
75%
Cleveland Browns
74.7%
Detroit Lions
74.6%
Team (ALPHABETICAL ORDER) % Correct
Oakland Raiders
74.6%
Minnesota Vikings
74.4%
San Diego Chargers
74.2%
Kansas City Chiefs
73.6%
Arizona Cardinals
72.1%
Pittsburgh Steelers
71.7%
Seattle Seahawks
71.7%
San Francisco 49ers
70.2%
Tennessee Titans
70.1%
Tampa Bay Buccaneers
69.2%
Jacksonville Jaguars
68.7%
St Louis Rams
68.5%
Atlanta Falcons
68.4%
New Orleans Saints
65.5%
Carolina Panthers
64.7%

You're not logged in!

Compare scores with friends on all Sporcle quizzes.
Sign Up with Email
OR
Log In

You Might Also Like...

Show Comments

Extras

Top Quizzes Today


Score Distribution

Your Account Isn't Verified!

In order to create a playlist on Sporcle, you need to verify the email address you used during registration. Go to your Sporcle Settings to finish the process.